Journal of finance and accounting research (Record no. 38400)

MARC details
000 -LEADER
fixed length control field 00520nam a2200169Ia 4500
022 ## - INTERNATIONAL STANDARD SERIAL NUMBER
ISSN 8884011244
050 ## - CALL MARK
Classification number H 187.5 .N6 J683/
245 #0 - TITLE STATEMENT
Title Journal of finance and accounting research
260 ## - PUBLICATION, DISTRIBUTION, ETC. (IMPRINT)
Place of publication Keffi
260 ## - PUBLICATION, DISTRIBUTION, ETC. (IMPRINT)
Name of publisher Dept. of Accounting, Faculty of Administration, Nasarawa State University
260 ## - PUBLICATION, DISTRIBUTION, ETC. (IMPRINT)
Year of publication 2009
300 ## - PHYSICAL DESCRIPTION
Number of Pages v. ; 25 cm.
650 ## - SUBJECT ADDED ENTRY--TOPICAL TERM
Topical Term Finance--Nigeria--Periodicals. Accounting--Nigeria--Periodicals.
942 ## - ADDED ENTRY ELEMENTS (KOHA)
Koha item type Serials

No items available.